<?xml version="1.0" encoding="UTF-8"?><?xml-stylesheet type="text/xsl" href="static/style.xsl"?><OAI-PMH xmlns="http://www.openarchives.org/OAI/2.0/" xmlns:xsi="http://www.w3.org/2001/XMLSchema-instance" xsi:schemaLocation="http://www.openarchives.org/OAI/2.0/ http://www.openarchives.org/OAI/2.0/OAI-PMH.xsd"><responseDate>2026-04-30T05:15:58Z</responseDate><request verb="GetRecord" identifier="oai:uvadoc.uva.es:10324/70013" metadataPrefix="marc">https://uvadoc.uva.es/oai/request</request><GetRecord><record><header><identifier>oai:uvadoc.uva.es:10324/70013</identifier><datestamp>2025-03-26T19:45:17Z</datestamp><setSpec>com_10324_70009</setSpec><setSpec>com_10324_5186</setSpec><setSpec>com_10324_29291</setSpec><setSpec>col_10324_70010</setSpec></header><metadata><record xmlns="http://www.loc.gov/MARC21/slim" xmlns:doc="http://www.lyncode.com/xoai" xmlns:xsi="http://www.w3.org/2001/XMLSchema-instance" xmlns:dcterms="http://purl.org/dc/terms/" xsi:schemaLocation="http://www.loc.gov/MARC21/slim http://www.loc.gov/standards/marcxml/schema/MARC21slim.xsd">
<leader>00925njm 22002777a 4500</leader>
<datafield tag="042" ind1=" " ind2=" ">
<subfield code="a">dc</subfield>
</datafield>
<datafield tag="720" ind1=" " ind2=" ">
<subfield code="a">Esteban Fernández, Nacho</subfield>
<subfield code="e">author</subfield>
</datafield>
<datafield tag="260" ind1=" " ind2=" ">
<subfield code="c">2024</subfield>
</datafield>
<datafield tag="520" ind1=" " ind2=" ">
<subfield code="a">Las condiciones sociohistóricas de socialización entre varones no heterosexuales han motivado la emergencia de códigos propios de comunicación. En ciertas regiones, estas variedades lingüísticas han alcanzado una entidad tal que sus hablantes las conciben como lenguas con una denominación específica, como el polari en las islas británicas. Se ha constatado la existencia de al menos dieciséis lectos vernáculos alrededor del mundo, todos ellos aún en uso o bien recuperados por activistas. A partir de una revisión bibliográfica sistematizada, se propone una caracterización sociolingüística de estas variedades en busca de posibles patrones y singularidades interculturales.</subfield>
</datafield>
<datafield tag="024" ind2=" " ind1="8">
<subfield code="a">MariCorners: Revista de Estudios Interdisciplinares LGTBIA+ y queer; Vol. 1 Núm. 1 (2024): MariCorners: Estudios Interdisciplinares LGTBIA+ y Queer pags. 169-192</subfield>
</datafield>
<datafield tag="024" ind2=" " ind1="8">
<subfield code="a">3020-9552</subfield>
</datafield>
<datafield tag="024" ind2=" " ind1="8">
<subfield code="a">https://uvadoc.uva.es/handle/10324/70013</subfield>
</datafield>
<datafield tag="024" ind2=" " ind1="8">
<subfield code="a">10.24197/mcreilq.1.2024.169-192</subfield>
</datafield>
<datafield tag="024" ind2=" " ind1="8">
<subfield code="a">169</subfield>
</datafield>
<datafield tag="024" ind2=" " ind1="8">
<subfield code="a">1</subfield>
</datafield>
<datafield tag="024" ind2=" " ind1="8">
<subfield code="a">192</subfield>
</datafield>
<datafield tag="245" ind1="0" ind2="0">
<subfield code="a">Patrones interculturales en los lectos generizados de varones no heterosexuales</subfield>
</datafield>
</record></metadata></record></GetRecord></OAI-PMH>